| 000 | 00642cam a2200181 4500 | ||
|---|---|---|---|
| 001 | ABS61080 | ||
| 008 | 000000n1999 000 0 eng u | ||
| 035 | _a(Sirsi) u101625 | ||
| 100 | _aBrown, A. | ||
| 245 | _aBest policy on asbestos. | ||
| 260 | _c1999 | ||
| 490 |
_aFacilities Management _v6(6) August 1999, 16-17(2) |
||
| 520 | _aConsiders ways the number of people dying from asbestos-related disease could be reduced. Includes details of where to go for further advice. | ||
| 650 | _aMANAGEMENT-HEALTH AND SAFETY-HAZARDOUS SUBSTANCES-ASBESTOS | ||
| 650 | _aSAFETY | ||
| 690 | _aBUILT ENVIRONMENT-BUILDING STANDARDS | ||
| 942 | _n0 | ||
| 999 |
_c60754 _d60754 |
||